[Event "IND-ch U15 Girls 39th"]
[Site "Jalgaon"]
[Date "2023.12.30"]
[Round "5"]
[White "Akshaya, Sathi"]
[Black "Sachi, Jain"]
[Result "0-1"]
[WhiteElo "1542"]
[BlackElo "1844"]
[PlyCount "130"]
[EventDate "2023.12.27"]
[EventType "swiss"]
[EventRounds "11"]
[EventCountry "IND"]
[SourceTitle "CB02_2024"]
[SourceDate "2024.01.10"]
[SourceVersion "1"]
[SourceVersionDate "2024.01.10"]
[SourceQuality "1"]

1. e4 e5 2. Nf3 Nc6 3. d4 exd4 4. Nxd4 Bc5 5. Be3 Qf6 6. c3 Nge7 7. g3 d5 8. Bg2 Bxd4 9. cxd4 dxe4 10. Nc3 Bf5 11. Nxe4 Bxe4 12. Bxe4 0-0 13. Qg4 Qd6 14. Qd1 Rad8 15. 0-0 Nd5 16. Qc2 h6 17. a3 Nce7 18. Rac1 c6 19. g4 Qe6 20. Kh1 Nxe3 21. fxe3 Qxg4 22. Bf5 Nxf5 23. Qxf5 Qxf5 24. Rxf5 Rfe8 25. Rc3 Rd6 26. Kg2 Rg6+ 27. Kf2 Re4 28. Kf3 Rh4 29. Rc2 Rg1 30. Re5 Rh3+ 31. Ke4 Re1 32. Kd3 Kf8 33. Rd2 f6 34. Re4 Rh1 35. Kc4 R1xh2 36. Rxh2 Rxh2 37. b4 Rh5 38. a4 a6 39. Rg4 Rg5 40. Rf4 h5 41. e4 Ke7 42. a5 Ke6 43. Rf3 h4 44. Rh3 Rh5 45. d5+ cxd5+ 46. exd5+ Kd6 47. b5 Rxd5 48. bxa6 bxa6 49. Rxh4 Rxa5 50. Rh7 Ra4+ 51. Kd3 Rg4 52. Rh5 g5 53. Rh8 Ke5 54. Ra8 Ra4 55. Ke3 Ra3+ 56. Kf2 Kf4 57. Rf8 f5 58. Rc8 Ra2+ 59. Kf1 Kg4 60. Rc4+ f4 61. Rc5 a5 62. Kg1 a4 63. Ra5 a3 64. Rb5 Rb2 65. Ra5 a2 0-1

[Event "Western Asia-ch U20 Girls"]
[Site "Colombo"]
[Date "2023.12.02"]
[Round "5"]
[White "Bhagyashree, Patil"]
[Black "Sachi, Jain"]
[Result "1/2-1/2"]
[WhiteElo "1830"]
[BlackElo "1742"]
[PlyCount "116"]
[EventDate "2023.11.30"]
[EventType "swiss"]
[EventRounds "9"]
[EventCountry "SRI"]
[SourceTitle "CB50_2023"]
[SourceDate "2023.12.13"]
[SourceVersion "1"]
[SourceVersionDate "2023.12.13"]
[SourceQuality "1"]

1. e4 e5 2. Nf3 Nc6 3. Bc4 Bc5 4. c3 Nf6 5. d3 d6 6. 0-0 0-0 7. h3 h6 8. Re1 Bb6 9. Bb3 Ne7 10. Nbd2 c6 11. Nf1 Ng6 12. g4 Nh7 13. d4 Qf6 14. Ng3 Ng5 15. Nxg5 hxg5 16. Nf5 Nf4 17. Bxf4 gxf4 18. dxe5 dxe5 19. Qd6 Bxf5 20. Qxf6 gxf6 21. exf5 Rad8 22. Rad1 Rxd1 23. Rxd1 Rd8 24. Rxd8+ Bxd8 25. f3 Bb6+ 26. Kf1 Be3 27. Bc2 Bc1 28. b3 Bb2 29. c4 Kg7 30. Ke2 Bd4 31. Be4 Bc5 32. h4 Kh6 33. Kd3 a5 34. Kc2 Bf2 35. h5 Bd4 36. Bd3 Bc5 37. Kb2 Kg5 38. Be4 Kh6 39. a3 Bd4+ 40. Ka2 Bc5 41. b4 axb4 42. a4 Bb6 43. Kb3 Ba5 44. c5 Kg5 45. Bc2 Kh6 46. Bd3 Kh7 47. Kc4 Kg7 48. Bc2 b3 49. Kxb3 Be1 50. Bd3 Bf2 51. Kc4 Be1 52. Bc2 Bd2 53. Bb3 Be1 54. Ba2 Bd2 55. Bb1 Be1 56. Bd3 Bd2 57. Kb3 Be3 58. Kb4 Bd2+ 1/2-1/2